00461nam a2200169Ia 4500001000900000003000500009008004100014010001100055040000900066082001800075100002100093245007000114260003400184300001100218650004400229700001800273Para_519CHAP220125s1989 xx 000 0 und d a199274 cCHAP aPA 574.192 L3 aDryer, Robert L. aExperimental biochemistry /c by Robert L. Dryer and Gene F. Lata aNew York :b University Press a514 p. aBioquímica x manuales de laboratorio aLata, Gene F.